000 00706nam a2200241Ia 4500
005 20260704175958.0
008 260704s9999||||xx |||||||||||||| ||und||
020 _a0521689155
_qpbk
020 _a9780521689151
_qpbk
082 _a149.97
_bCON
100 _aConnor, Steven [ed.]
245 4 _aThe Cambridge companion to postmodernism
250 _a1st South Asian ed. 2006
260 _aCambridge
_bCambridge University Press
_c2004
300 _axi, 237p. ; 23cm.
653 _aCulture — Philosophy
653 _aLiterary criticism
653 _aLiterary criticism
653 _aLiterature — Philosophy
653 _aPostmodernism
653 _aPostmodernism in literature
942 _cBK
999 _c57406
_d57406